Fast Typing - Capital Cities A to Z (with a map) - Statistics

General Stats
  • This quiz has been taken 735 times
  • The average score is 59 of 196
Answers on the Map
Answers color-coded by a green-red scale on the quiz's map according to % correct below.
 
Answer Stats
Country Capital City % Correct
South Africa Pretoria, Cape Town or Bloemfontein
76%
Iraq Baghdad
63%
Azerbaijan Baku
63%
Mali Bamako
63%
Brunei Bandar Seri Begawan
63%
Thailand Bangkok
63%
Central African Republic Bangui
63%
Gambia Banjul
63%
Saint Kitts and Nevis Basseterre
63%
China Beijing
63%
Lebanon Beirut
63%
Serbia Belgrade
63%
Belize Belmopan
63%
Germany Berlin
63%
Switzerland Bern
63%
Kyrgyzstan Bishkek
63%
Guinea-Bissau Bissau
63%
Colombia Bogotá
63%
Brazil Brasília
63%
Slovakia Bratislava
63%
Republic of the Congo Brazzaville
63%
Barbados Bridgetown
63%
Belgium Brussels
63%
Romania Bucharest
63%
Hungary Budapest
63%
Argentina Buenos Aires
63%
Burundi Bujumbura
63%
Benin Porto-Novo or Cotonou
55%
United Arab Emirates Abu Dhabi
52%
Nigeria Abuja
52%
Ghana Accra
52%
Ethiopia Addis Ababa
52%
Algeria Algiers
52%
Jordan Amman
52%
Netherlands Amsterdam
52%
Andorra Andorra la Vella
52%
Turkey Ankara
52%
Madagascar Antananarivo
52%
Samoa Apia
52%
Turkmenistan Ashgabat
52%
Eritrea Asmara
52%
Kazakhstan Astana
52%
Paraguay Asunción
52%
Greece Athens
52%
Bolivia La Paz or Sucre
45%
Luxembourg Luxembourg
45%
Poland Warsaw
43%
United States Washington D.C.
43%
New Zealand Wellington
43%
Namibia Windhoek
43%
Egypt Cairo
42%
Australia Canberra
42%
Venezuela Caracas
42%
Saint Lucia Castries
42%
Moldova Chișinău
42%
Guinea Conakry
42%
Denmark Copenhagen
42%
Spain Madrid
41%
Marshall Islands Majuro
41%
Equatorial Guinea Malabo
41%
Maldives Malé
41%
Nicaragua Managua
41%
Bahrain Manama
41%
Philippines Manila
41%
Mozambique Maputo
41%
Lesotho Maseru
41%
Swaziland Mbabane
41%
Mexico Mexico City
41%
Belarus Minsk
41%
Somalia Mogadishu
41%
Monaco Monaco
41%
Liberia Monrovia
41%
Uruguay Montevideo
41%
Comoros Moroni
41%
Russia Moscow
41%
Oman Muscat
41%
Gabon Libreville
34%
Malawi Lilongwe
34%
Peru Lima
34%
Portugal Lisbon
34%
Slovenia Ljubljana
34%
Togo Lomé
34%
United Kingdom London
34%
Angola Luanda
34%
Zambia Lusaka
34%
Norway Oslo
31%
Canada Ottawa
31%
Burkina Faso Ouagadougou
31%
Senegal Dakar
29%
Syria Damascus
29%
Bangladesh Dhaka
29%
East Timor Dili
29%
Djibouti Djibouti
29%
Tanzania Dodoma
29%
Qatar Doha
29%
Ireland Dublin
29%
Tajikistan Dushanbe
29%
Grenada Saint George's
21%
Antigua and Barbuda Saint John's
21%
Yemen Sana'a
21%
Costa Rica San José
21%
San Marino San Marino
21%
El Salvador San Salvador
21%
Chile Santiago
21%
Dominican Republic Santo Domingo
21%
São Tomé and Príncipe São Tomé
21%
Bosnia and Herzegovina Sarajevo
21%
South Korea Seoul
21%
Singapore Singapore
21%
Macedonia Skopje
21%
Bulgaria Sofia
21%
Kiribati South Tarawa
21%
Sri Lanka Sri Jayawardenapura Kotte
21%
Sweden Stockholm
21%
Fiji Suva
21%
Estonia Tallinn
21%
Uzbekistan Tashkent
21%
Georgia Tbilisi
21%
Honduras Tegucigalpa
21%
Iran Tehran
21%
Bhutan Thimphu
21%
Albania Tirana
21%
Japan Tokyo
21%
Libya Tripoli
21%
Tunisia Tunis
21%
Federated States of Micronesia Palikir
20%
Panama Panama City
20%
Suriname Paramaribo
20%
France Paris
20%
Cambodia Phnom Penh
20%
Montenegro Podgorica
20%
Haiti Port-au-Prince
20%
Mauritius Port Louis
20%
Papua New Guinea Port Moresby
20%
Trinidad and Tobago Port-of-Spain
20%
Vanuatu Port Vila
20%
Czech Republic Prague
20%
Cape Verde Praia
20%
Kosovo Pristina
20%
North Korea Pyongyang
20%
Morocco Rabat
20%
Iceland Reykjavík
20%
Latvia Riga
20%
Saudi Arabia Riyadh
20%
Italy Rome
20%
Dominica Roseau
20%
Taiwan Taipei
19%
Vietnam Hanoi
14%
Zimbabwe Harare
14%
Cuba Havana
14%
Finland Helsinki
14%
Solomon Islands Honiara
14%
Sierra Leone Freetown
9%
Tuvalu Funafuti
9%
Afghanistan Kabul
9%
Uganda Kampala
9%
Nepal Kathmandu
9%
Sudan Khartoum
9%
Ukraine Kiev
9%
Rwanda Kigali
9%
Jamaica Kingston
9%
Saint Vincent and the Grenadines Kingstown
9%
Democratic Republic of the Congo Kinshasa
9%
Malaysia Kuala Lumpur
9%
Kuwait Kuwait City
9%
Croatia Zagreb
9%
Indonesia Jakarta
8%
Israel Jerusalem
8%
South Sudan Juba
8%
Botswana Gaborone
6%
Guyana Georgetown
6%
Guatemala Guatemala City
6%
Kenya Nairobi
5%
Bahamas Nassau
5%
Myanmar Naypyidaw
5%
Chad N'Djamena
5%
India New Delhi
5%
Palau Ngerulmud
5%
Niger Niamey
5%
Cyprus Nicosia
5%
Mauritania Nouakchott
5%
Tonga Nukuʻalofa
5%
Ecuador Quito
5%
Liechtenstein Vaduz
4%
Malta Valletta
4%
Vatican City Vatican City
4%
Seychelles Victoria
4%
Austria Vienna
4%
Laos Vientiane
4%
Lithuania Vilnius
4%
Pakistan Islamabad
3%
Mongolia Ulaanbaatar
3%
Cote d'Ivoire Yamoussoukro
2%
Cameroon Yaoundé
2%
Nauru Yaren
2%
Armenia Yerevan
2%
No matching quizzes found
Score Distribution
Percent of People with Each Score
Percentile by Number Answered
Your Score History
You have not taken this quiz